| 000 | 00555nam a2200157 a 4500 | ||
|---|---|---|---|
| 001 | 000037923 | ||
| 005 | 20201002031134.0 | ||
| 008 | 130308s2012 dr c 000 0 spa d | ||
| 040 |
_aDO-SdBNP _bspa _cBNPHU |
||
| 245 | 0 | 0 |
_aLiceo Secundario Canadá : _bmemorias 1969-1985 / _cEditor Piero Espinal Estévez. |
| 260 |
_aSanto Domingo : _bArgos, _c2012. |
||
| 300 |
_a92 p. : _bretrs. ; _c23 cm. |
||
| 500 | _aIncluye datos biográficos del autor en las solapas | ||
| 500 | _aIncluye notas al pie de las páginas | ||
| 700 | 1 |
_aEspinal Estévez, Piero, _eed. _93550 |
|
| 999 |
_c37413 _d37413 |
||